Catálogo Biblioteca Central

El trabajo en beneficio de la comunidad como alternativa a la prisión (Registro nro. 172290)

Detalles MARC
000 -CABECERA
campo de control de longitud fija 00696naa a2200217 4500
001 - NÚMERO DE CONTROL
campo de control 172290
003 - IDENTIFICADOR DEL NÚMERO DE CONTROL
campo de control ES-MaBCM
005 - FECHA Y HORA DE LA ÚLTIMA TRANSACCIÓN
campo de control 20250717062604.0
008 - CÓDIGOS DE INFORMACIÓN DE LONGITUD FIJA
campo de control de longitud fija 091016s2009 esp|r0p 0 ||spa d
021 ## -
-- xx
035 ## - NÚMERO DE CONTROL DEL SISTEMA
Número de control de sistema (OCoLC)1365224336
040 ## - FUENTE DE LA CATALOGACIÓN
Centro transcriptor ES-MaBCM
100 1# - PUNTO DE ACCESO PRINCIPAL - NOMBRE DE PERSONA
Nombre de persona Albalate, Joaquín Juan
9 (RLIN) 629
245 10 - MENCIÓN DE TÍTULO
Título El trabajo en beneficio de la comunidad como alternativa a la prisión
Resto del título : entre la aceptación y el rechazo
Mención de responsabilidad etc. Joaquín Juan Albalate
520 3# - SUMARIO, ETC.
Sumario etc. Contiene bibliografía
650 27 - PUNTO DE ACCESO ADICIONAL DE MATERIA--TÉRMINO DE MATERIA
Término de materia o nombre geográfico como elemento inicial Sanción penal
9 (RLIN) 60174
650 27 - PUNTO DE ACCESO ADICIONAL DE MATERIA--TÉRMINO DE MATERIA
Término de materia o nombre geográfico como elemento inicial Política social
9 (RLIN) 59845
651 24 - PUNTO DE ACCESO ADICIONAL DE MATERIA--NOMBRE GEOGRÁFICO
Nombre geográfico España
9 (RLIN) 115342
773 0# - ENLACE AL DOCUMENTO FUENTE
Encabezamiento principal En:
Título Papers
Lugar editor y fecha de publicación Barcelona
Número de control del registro relacionado 104483
Parte(s) relacionada(s) N. 91 (2009), p. 11-28
942 ## - ELEMENTOS DE PUNTO DE ACCESO ADICIONAL (KOHA)
Tipo de ítem Koha Artículos de revistas
Existencias
Estado de retiro Estado de pérdida Estado dañado No para préstamo Localización permanente Ubicación/localización actual Fecha de adquisición Precio válido a partir de Tipo de ítem Koha
        Biblioteca Central del Ministerio de la Presidencia Biblioteca Central del Ministerio de la Presidencia 21/04/2012 21/04/2012 Artículos de revistas